000 00616nam a2200241Ia 4500
003 OSt
005 20221005124554.0
006 a|||||r|||| 00| 0
007 ta
008 221004b |||||||| |||| 00| 0 mal d
024 _a58511
037 _cTextual
040 _aCRL
_cCRL
_bmal
041 _2mal
_amal
082 _aV2:51.N5, 32J8
100 _aC. K. Raja Au.
_9635450
245 0 _aNamengane swathanthrarayee
260 _c1958
650 _a MALAYALAM LITERATURE
_938866
650 _aHISTORY
942 _hV2:51.N5, 32J8
_cTEXL
_2cc
999 _c1050892
_d1050892